Southville International School and Colleges
Your cart is empty.
  • Cart
  • Lists
    Public lists Eva Luna New books Lux_list list_1
    Your lists Log in to create your own lists
  • Log in to your account
  • Your cookies
  • Search history
Southville International School and Colleges
  • Advanced search
  • Recent comments
  • Most popular
  • Libraries

Log in to your account

Log in with GOOGLE


If you do not have an external account, but do have a local account, you can still log in:

  1. Home
  2. MARC view: Physical activity towards health and fitness (PATH-FIT 2)
Normal view MARC view ISBD view

Physical activity towards health and fitness (PATH-FIT 2) (Record no. 365179)

[ view plain ]
MARC details
000 -LEADER
fixed length control field 00496nam a22001697a 4500
003 - CONTROL NUMBER IDENTIFIER
control field 0
005 - DATE AND TIME OF LATEST TRANSACTION
control field 20230818140942.0
008 - FIXED-LENGTH DATA ELEMENTS--GENERAL INFORMATION
fixed length control field 230818b xxu||||| |||| 00| 0 eng d
020 ## - INTERNATIONAL STANDARD BOOK NUMBER
International Standard Book Number 978-971-9655-30-5
050 ## - LIBRARY OF CONGRESS CALL NUMBER
Classification number GV 436
Item number .P59 2023
245 ## - TITLE STATEMENT
Title Physical activity towards health and fitness (PATH-FIT 2)
260 ## - PUBLICATION, DISTRIBUTION, ETC. (IMPRINT)
Place of publication, distribution, etc Manila
Name of publisher, distributor, etc Mindshapers Co., Inc.
Date of publication, distribution, etc c2023.
300 ## - PHYSICAL DESCRIPTION
Extent viii, 144 pages :
Other physical details ill. ;
Dimensions 23 cm.
500 ## - GENERAL NOTE
General note Physical fitness.
650 ## - SUBJECT ADDED ENTRY--TOPICAL TERM
Topical term or geographic name as entry element Physical fitness.
942 ## - ADDED ENTRY ELEMENTS (KOHA)
Source of classification or shelving scheme Library of Congress Classification
Koha item type Books
Holdings
Withdrawn status Lost status Source of classification or shelving scheme Damaged status Home library Current library Shelving location Date acquired Source of acquisition Sub Shelving location Total Checkouts Total Renewals Full call number Barcode Date last seen Date checked out Price effective from Koha item type
    Library of Congress Classification   College Library College Library Filipiniana Section 08/18/2023 Library Fund   2 1 GV 436 .P59 2023 C22916 03/07/2024 09/21/2023 08/18/2023 Books

Physical activity towards health and fitness (PATH-FIT 2)

APA

(2023). Physical activity towards health and fitness (PATH-FIT 2). Manila: Mindshapers Co., Inc.

Chicago

2023. Physical activity towards health and fitness (PATH-FIT 2). Manila: Mindshapers Co., Inc.

Harvard

(2023). Physical activity towards health and fitness (PATH-FIT 2). Manila: Mindshapers Co., Inc.

MLA

Physical activity towards health and fitness (PATH-FIT 2). Manila: Mindshapers Co., Inc. 2023.

  • Place hold
  • Print
  • Cite
  • Add to your cart (remove)
  • Save record
    BIBTEX Dublin Core MARCXML MARC (non-Unicode/MARC-8) MARC (Unicode/UTF-8) MARC (Unicode/UTF-8, Standard) MODS (XML) RIS
  • More searches
    Search for this title in:
    Other Libraries (WorldCat) Other Databases (Google Scholar) Online Stores (Bookfinder.com) Open Library (openlibrary.org)

Exporting to Dublin Core...

SOUTHVILLE LIBRARY

Southville International School and Colleges Library

1281 Tropical Ave. Cor. Luxembourg St., BF Homes International, Las Pinas City

Tel. No. 8256374 / 252358 Loc. 117/146

Powered by Koha